1362 1960 1215 1380 1034 1633 1085 1317 1454 1956 1700 1596 1943 1178 1387 1801 1434 1654 1034 1099 1086 1304 1810 1507 1077 1240 1902 1393 1779 1528 1463 1916 1089 1547 1603 1193 1380 1863 1117 1454 1831 1973 1530 1576 1938 1474 1433 1298 1959 1647 1493 1251 1337 1062 1483 1650 1209 1046 1988 1046 1727 1326 1910 1684 1471 1429 1170 1836 1795 1962 1414 1592 1233 1362 1261 1146 1930 1149 1097 1707 1163 1532 1817 1841 1266 1890 1413 1304 1120 1867 1075 1370 1486 1844 1352 1151 1686 1848 1050 BCNSPRNW ULIB Ver.6.0+V

เปลี่ยนเป็นภาษาไทย

Change to English
 แสดงรายละเอียดบรรณานุกรม
  กลับหน้าหลัก

Brief Record : Get Marc (ISO 2709) : E-mail record : QR code < ปิดหน้าต่าง
LEADER : 00000nam 2200000uu 4500
001    13399110962
003     ULIB
008    110614s||||||||th 000 0 tha d
020    9789740204459
050 04 BF441^bป553ส 2552
100 0  ปาริชาต สถาปิตานนท์
245 10 สำรับความคิด /^cปาริชาต สถาปิตานนท์
250    พิมพ์ครั้งที่ 1
260    กรุงเทพฯ :^bมติชน,^c2552
300    133 หน้า :^bภาพประกอบ
650  7 ความสุข
650  7 การดำเนินชีวิต
945    ^p135^l0^i027703
995    ทศพร
999 ^a ใช้งานได้ทุกระบบ
รายการนี้ยังไม่มีแท็ก
คุณยังไม่ได้ล็อกอิน คุณสามารถมีกิจกรรมร่วมกับเว็บไซต์ได้ แต่ต้องล็อกอินก่อน ::
  ล็อกอิน

รายการสื่อสารสนเทศ

ลำดับที่ ประเภท เลขเรียก/บาร์โค้ด สถานที่ สถานะ
- ไม่พบข้อมูล -

รายการใกล้เคียง
    ผู้แต่ง [ปาริชาต สถาปิตานนท์]

    หัวเรื่อง [ความสุข]
    หัวเรื่อง [การดำเนินชีวิต]

BibComment


ยังไม่เคยถูกคอมเมนท์

คอมเมนท์ทรัพยากรรายการนี้
  คอมเมนท์: สำรับความคิด ปาร..


 Copyright 2026. Bcnsprnw @Library